[Event "XXXIV Moglianoscacchi B"]
[Site "Mogliano Veneto ITA"]
[Date "2013.04.25"]
[Round "2"]
[White "Artuso, Sofia"]
[Black "Bozzao, Francesco"]
[WhiteElo "1621"]
[BlackElo "1857"]
[Result "1/2-1/2"]
[PlyCount "39"]
[EventDate "2013.04.25"]

1. e4 c5 2. Nf3 d6 3. d4 cxd4 4. Nxd4 Nf6 5. Nc3 g6 6. Be3 Bg7 7. f3 O-O 8. Bc4
Nc6 9. Qd2 Bd7 10. O-O-O Qa5 11. g4 Rfc8 12. Bb3 Ne5 13. h4 h5 14. gxh5 Nxh5
15. Rhg1 Nc4 16. Qe2 Nxb2 17. Kxb2 Qxc3+ 18. Kb1 Kf8 19. f4 Nxf4 20. Qf2
1/2-1/2

[Event "XXXIV Moglianoscacchi B"]
[Site "Mogliano Veneto ITA"]
[Date "2013.04.25"]
[Round "2"]
[White "Bergamasco, Tommaso"]
[Black "Penzo, Amleto"]
[WhiteElo "1680"]
[BlackElo "1845"]
[Result "1-0"]
[PlyCount "103"]
[EventDate "2013.04.25"]

1. Nf3 Nf6 2. c4 c5 3. g3 b6 4. Nc3 Bb7 5. Bg2 g6 6. d3 Bg7 7. O-O O-O 8. Bf4
d6 9. Qc1 e5 10. Bg5 Nbd7 11. e4 a6 12. a4 Re8 13. h3 Nf8 14. Bh6 Ne6 15. Ne2
Qe7 16. Bxg7 Kxg7 17. Nh4 Nh5 18. Bf3 Nhf4 19. Nxf4 Nxf4 20. gxf4 Qxh4 21. fxe5
Qxh3 22. Bg2 Qe6 23. exd6 Qxd6 24. Qc3+ Kg8 25. f4 Rad8 26. Rad1 Qd7 27. a5
bxa5 28. Qxa5 Qd4+ 29. Kh1 Qe3 30. Qc3 Rd4 31. Rf3 Rxc4 32. Rxe3 Rxc3 33. bxc3
f5 34. e5 Bc8 35. d4 cxd4 36. cxd4 Be6 37. d5 Rd8 38. d6 h6 39. Bd5 Kf7 40.
Bxe6+ Kxe6 41. Ra1 g5 42. fxg5 hxg5 43. Rxa6 f4 44. Re1 f3 45. Kg1 Rf8 46. Kf2
g4 47. Ra4 Rg8 48. Kg3 Kf5 49. Rf4+ Ke6 50. Rxg4 f2 51. Rf1 Rf8 52. Rxf2 1-0

[Event "XXXIV Moglianoscacchi B"]
[Site "Mogliano Veneto ITA"]
[Date "2013.04.25"]
[Round "2"]
[White "Bonan, Yves"]
[Black "Balzan, Marco"]
[WhiteElo "1869"]
[BlackElo "1732"]
[Result "1-0"]
[PlyCount "24"]
[EventDate "2013.04.25"]

1. Nf3 Nf6 2. c4 e6 3. g3 b6 4. Bg2 Bb7 5. O-O Be7 6. Nc3 O-O 7. d4 d5 8. Ne5
Nbd7 9. Bg5 Ne4 10. Nxe4 dxe4 11. Nxd7 Qxd7 12. Bxe7 Qxe7 {...} 1-0

[Event "XXXIV Moglianoscacchi B"]
[Site "Mogliano Veneto ITA"]
[Date "2013.04.25"]
[Round "2"]
[White "Brunelli, Flavio"]
[Black "Zamengo, Bruno"]
[WhiteElo "1755"]
[BlackElo "1900"]
[Result "1-0"]
[PlyCount "80"]
[EventDate "2013.04.25"]

1. e4 e6 2. d4 d5 3. e5 c5 4. c3 Bd7 5. Nf3 Qb6 6. Bd3 Bb5 7. Bxb5+ Qxb5 8. Qe2
Qxe2+ 9. Kxe2 Nc6 10. dxc5 Bxc5 11. Be3 Bxe3 12. Kxe3 Nge7 13. Re1 O-O 14. Na3
a6 15. Ke2 Rac8 16. Rac1 Rc7 17. Kf1 Rfc8 18. Nc2 Na5 19. Nd2 Nc4 20. Nxc4 Rxc4
21. g3 Nc6 22. f4 d4 23. Na3 Rc5 24. cxd4 Nxd4 25. Rxc5 Rxc5 26. Rd1 Nc6 27.
Rd2 Kf8 28. b3 Ke7 29. Nc4 b5 30. Nd6 Nb4 31. Ke2 f6 32. exf6+ gxf6 33. Ne4 Rc6
34. Kf3 h5 35. h3 Rc1 36. a3 Nd5 37. Rd3 a5 38. a4 bxa4 39. bxa4 Rc4 40. Rb3
Kf7 1-0

[Event "XXXIV Moglianoscacchi B"]
[Site "Mogliano Veneto ITA"]
[Date "2013.04.25"]
[Round "2"]
[White "Civitareale, Alberto"]
[Black "Panican, Gheorghe"]
[WhiteElo "1737"]
[BlackElo "1983"]
[Result "0-1"]
[PlyCount "56"]
[EventDate "2013.04.25"]

1. e4 c5 2. Nf3 d6 3. d4 cxd4 4. Nxd4 Nf6 5. Nc3 a6 6. a3 e5 7. Nb3 Be6 8. Bd3
Nbd7 9. Bg5 Be7 10. O-O O-O 11. Qd2 Rc8 12. Rad1 Qc7 13. Nd5 Bxd5 14. Bxf6 Nxf6
15. exd5 e4 16. Be2 Qxc2 17. Na5 Qxd2 18. Rxd2 Rc7 19. Re1 Nd7 20. g4 g6 21. f3
Bg5 22. Rdd1 exf3 23. Bxf3 Ne5 24. Rxe5 dxe5 25. d6 Rc2 26. Bxb7 Rxb2 27. d7
Bd8 28. Bxa6 Bxa5 0-1

[Event "XXXIV Moglianoscacchi B"]
[Site "Mogliano Veneto ITA"]
[Date "2013.04.25"]
[Round "2"]
[White "Dai Zotti, Marco"]
[Black "Carraro, Riccardo"]
[WhiteElo "1646"]
[BlackElo "1782"]
[Result "0-1"]
[PlyCount "72"]
[EventDate "2013.04.25"]

1. d4 Nf6 2. Nc3 g6 3. e4 d6 4. f4 Bg7 5. Nf3 O-O 6. a3 Nbd7 7. e5 dxe5 8. fxe5
Ng4 9. Bc4 Nb6 10. Bb3 Kh8 11. O-O f6 12. Qe1 fxe5 13. h3 exd4 14. Nb5 a6 15.
Ng5 Rxf1+ 16. Qxf1 Qf8 17. Nf7+ Kg8 18. Nxc7 Ne3 19. Bxe3 dxe3 20. Qf4 Rb8 21.
Qh4 h5 22. Qg5 Kh7 23. Qxe3 Na8 24. Rf1 Bf6 25. Nd5 Bf5 26. Nxf6+ exf6 27. g4
Re8 28. Qd4 hxg4 29. Qxf6 Qc5+ 30. Kh2 Re2+ 31. Kg3 Qe3+ 32. Kh4 Qxh3+ 33. Kg5
Qh5+ 34. Kf4 Re4+ 35. Kg3 Qh3+ 36. Kf2 Qh2# 0-1

[Event "XXXIV Moglianoscacchi B"]
[Site "Mogliano Veneto ITA"]
[Date "2013.04.25"]
[Round "2"]
[White "Fracasso Pezzolato, Michele"]
[Black "Rampazzo, Loriano"]
[WhiteElo "1845"]
[BlackElo "1748"]
[Result "1-0"]
[PlyCount "93"]
[EventDate "2013.04.25"]

1. e4 d6 2. b3 e5 3. Bb2 Nc6 4. Nf3 Nf6 5. Nc3 Bg4 6. Be2 Be7 7. d3 Qd7 8. h3
Bxf3 9. Bxf3 Nd4 10. Ne2 Nxf3+ 11. gxf3 Qc6 12. d4 Nd7 13. Qd2 Bf6 14. O-O-O
O-O-O 15. Kb1 Rhe8 16. d5 Qb6 17. Nc1 a6 18. Nd3 Nc5 19. Nxc5 Qxc5 20. Bc3 Bg5
21. Qe1 Bh4 22. Rh2 g5 23. Bb4 Qb6 24. c4 f5 25. Rc1 Qd4 26. Rd1 Qb6 27. Bd2
Qa7 28. Rh1 Rf8 29. Be3 b6 30. Ka1 Kb8 31. Rf1 fxe4 32. fxe4 Rf3 33. Qb4 Rdf8
34. c5 R8f6 35. cxd6 cxd6 36. Rc1 Rxh3 37. Rfe1 Qb7 38. Rc6 Rxe3 39. Rxe3 Bxf2
40. Rxd6 Qc7 41. Rc6 Rxc6 42. Qf8+ Qc8 43. Qxf2 Rf6 44. Qe1 Qc2 45. Rc3 Qg2 46.
Rc1 Rf2 47. Qc3 1-0

[Event "XXXIV Moglianoscacchi B"]
[Site "Mogliano Veneto ITA"]
[Date "2013.04.25"]
[Round "2"]
[White "Giancristofaro, Luca"]
[Black "Gennari, Andrea"]
[WhiteElo "1780"]
[BlackElo "1654"]
[Result "1-0"]
[PlyCount "57"]
[EventDate "2013.04.25"]

1. d4 f5 2. g3 Nf6 3. Bg2 e6 4. Nf3 d6 5. O-O Be7 6. c4 O-O 7. Nc3 c6 8. Nd2 d5
9. b3 Nbd7 10. Bb2 Bb4 11. Rc1 Qa5 12. Qc2 c5 13. a3 Bxc3 14. Bxc3 Qb6 15. dxc5
Nxc5 16. Bxf6 Rxf6 17. cxd5 Na6 18. Nc4 Qc5 19. b4 Qb5 20. Nd6 Qd7 21. Nxc8 Rf8
22. dxe6 Qxc8 23. Qxc8 Raxc8 24. Rxc8 Rxc8 25. Bxb7 Re8 26. Bxa6 Rxe6 27. Bc4
Kf7 28. Bxe6+ Kxe6 29. Rd1 1-0

[Event "XXXIV Moglianoscacchi B"]
[Site "Mogliano Veneto ITA"]
[Date "2013.04.25"]
[Round "2"]
[White "Girgenti, Giuseppe"]
[Black "Barbieri, Lorenzo"]
[WhiteElo "1876"]
[BlackElo "1807"]
[Result "1-0"]
[PlyCount "67"]
[EventDate "2013.04.25"]

1. e4 c5 2. Nf3 e6 3. d3 Qc7 4. g3 Nf6 5. Bg2 d6 6. Nbd2 Be7 7. O-O O-O 8. Re1
Nbd7 9. Nf1 Rb8 10. h4 b5 11. N1h2 Ne8 12. Bg5 f6 13. Bd2 Bb7 14. h5 d5 15. Bh3
Qb6 16. exd5 Bxd5 17. Qe2 Nc7 18. c4 bxc4 19. dxc4 Bxf3 20. Nxf3 f5 21. b3 Bf6
22. Rad1 Rfe8 23. h6 Rbd8 24. hxg7 Kxg7 25. Qe3 Kg8 26. Qh6 Bg7 27. Qh4 Bf6 28.
Bg5 Rf8 29. Bxf6 Rxf6 30. Rxd7 Rxd7 31. Qxf6 Rf7 32. Qg5+ Kh8 33. Rd1 Rf8 34.
Ne5 1-0

[Event "XXXIV Moglianoscacchi B"]
[Site "Mogliano Veneto ITA"]
[Date "2013.04.25"]
[Round "2"]
[White "Marchetti, Roberto"]
[Black "Zanirato, Stefano"]
[WhiteElo "1758"]
[BlackElo "1872"]
[Result "0-1"]
[PlyCount "104"]
[EventDate "2013.04.25"]

1. e4 Nc6 2. Nf3 a6 3. d4 d5 4. exd5 Qxd5 5. c4 Qh5 6. Be2 Bg4 7. h3 O-O-O 8.
d5 e6 9. Nc3 Bxf3 10. Bxf3 Qe5+ 11. Be3 Bc5 12. Qe2 Nd4 13. Bxd4 Bxd4 14. Qxe5
Bxe5 15. O-O Bxc3 16. bxc3 e5 17. c5 f5 18. c4 Nf6 19. g4 e4 20. Be2 fxg4 21.
Bxg4+ Nxg4 22. hxg4 Rdf8 23. Kg2 Rf4 24. Kg3 Rhf8 25. Rae1 g5 26. Re3 Rf3+ 27.
Kg2 R8f4 28. Rxf3 exf3+ 29. Kg3 Rxc4 30. Kxf3 Rxc5 31. Ke4 Ra5 32. f3 Rxa2 33.
Rh1 Ra4+ 34. Ke5 Rf4 35. Rxh7 Rxf3 36. Rh8+ Kd7 37. Rh7+ Kd8 38. Ke6 Rf8 39.
Rg7 Re8+ 40. Kf6 b5 41. Rxg5 Kd7 42. Kf7 Re7+ 43. Kf8 Re4 44. Rg6 b4 45. g5
Rf4+ 46. Rf6 Rxf6+ 47. gxf6 b3 48. Kg7 b2 49. f7 b1=Q 50. f8=Q Qg1+ 51. Kh6
Qh2+ 52. Kg6 Qd6+ 0-1

[Event "XXXIV Moglianoscacchi B"]
[Site "Mogliano Veneto ITA"]
[Date "2013.04.25"]
[Round "2"]
[White "Militello, Michele"]
[Black "Sotter-Klundt, Gerlinde"]
[WhiteElo "1801"]
[BlackElo "1803"]
[Result "1-0"]
[PlyCount "109"]
[EventDate "2013.04.25"]

1. d4 d5 2. Nf3 Nf6 3. e3 e6 4. Bd3 c5 5. b3 Nc6 6. Bb2 Be7 7. O-O O-O 8. Nbd2
cxd4 9. exd4 Nb4 10. Be2 Qc7 11. a3 Qxc2 12. Qxc2 Nxc2 13. Ra2 Bd7 14. Bd3 Nxa3
15. Bxa3 Bxa3 16. Rxa3 Rfc8 17. b4 a6 18. Ne5 Be8 19. Rfa1 Rab8 20. h3 Nd7 21.
Nxd7 Bxd7 22. Nf3 f6 23. Kh2 Rc7 24. Ng1 Rbc8 25. Ne2 Kf7 26. Nf4 g6 27. Rb1
Rc3 28. Rbb3 Rxb3 29. Rxb3 b5 30. Ne2 Rc7 31. Rc3 Rc6 32. Rxc6 Bxc6 33. f4 Ke7
34. Nc1 Kd6 35. Nb3 Bb7 36. Nc5 Bc8 37. Kg3 e5 38. fxe5+ fxe5 39. dxe5+ Kxe5
40. Be2 d4 41. Bd3 Bf5 42. Bxf5 Kxf5 43. Kf3 Ke5 44. Nxa6 Kd5 45. Ke2 Kc4 46.
Kd2 h5 47. h4 d3 48. Nc7 Kxb4 49. Kxd3 Kc5 50. Nxb5 Kd5 51. Ke3 Ke5 52. Nd4 Kd5
53. Nf3 Ke6 54. Kf4 Kf6 55. Ne5 1-0

[Event "XXXIV Moglianoscacchi B"]
[Site "Mogliano Veneto ITA"]
[Date "2013.04.25"]
[Round "2"]
[White "Orsatti, Marcello"]
[Black "Rossi, Gianni"]
[WhiteElo "1926"]
[BlackElo "1822"]
[Result "1-0"]
[PlyCount "124"]
[EventDate "2013.04.25"]

1. c4 c5 2. g3 g6 3. Bg2 Bg7 4. Nc3 Nc6 5. d3 e5 6. e3 Nge7 7. Nge2 d6 8. O-O
O-O 9. Nd5 Rb8 10. Nec3 Be6 11. Rb1 Qd7 12. Re1 Bh3 13. Bh1 Bg4 14. Qa4 Qf5 15.
Nxe7+ Nxe7 16. e4 Qh5 17. Nb5 Rfd8 18. Be3 Nc6 19. a3 Bf3 20. Bxf3 Qxf3 21. Qd1
Qxd1 22. Rexd1 a6 23. Nc7 Rd7 24. Nd5 b5 25. b4 Nd4 26. Bxd4 exd4 27. Rdc1 bxc4
28. Rxc4 Rdb7 29. Rbc1 Bf8 30. f4 a5 31. bxa5 Ra8 32. Ra4 Rba7 33. Rb1 Rxa5 34.
Rxa5 Rxa5 35. Rb3 Kg7 36. Kf2 Ra7 37. Kf3 f6 38. Nb6 Rb7 39. a4 Be7 40. Rb5 Bd8
41. Nc4 Ra7 42. a5 Bc7 43. a6 Kf7 44. Rb7 Rxb7 45. axb7 Ke7 46. e5 dxe5 47.
fxe5 fxe5 48. Ke4 Ke6 49. h3 Bb8 50. g4 Bc7 51. g5 Bb8 52. Nb6 Kd6 53. Nd5 Kc6
54. Nf6 Kxb7 55. Nxh7 Bd6 56. h4 Kc6 57. h5 Kd7 58. hxg6 Ke7 59. g7 Kf7 60. Nf6
Kxg7 61. Ne8+ Kg6 62. Nxd6 Kxg5 1-0

[Event "XXXIV Moglianoscacchi B"]
[Site "Mogliano Veneto ITA"]
[Date "2013.04.25"]
[Round "2"]
[White "Poletti, Fausto"]
[Black "Bortolotto, Denzio"]
[WhiteElo "1904"]
[BlackElo "1815"]
[Result "1-0"]
[PlyCount "55"]
[EventDate "2013.04.25"]

1. c4 c5 2. Nf3 e6 3. d4 cxd4 4. Nxd4 Nf6 5. Nc3 a6 6. Qd3 Be7 7. e4 Nc6 8.
Nxc6 dxc6 9. Qxd8+ Bxd8 10. Bd3 O-O 11. Ke2 e5 12. f3 Bc7 13. Be3 b5 14. b3 Ba5
15. Rac1 Be6 16. Nb1 Rab8 17. cxb5 cxb5 18. Rc6 Bc8 19. Bd2 Bb6 20. Rhc1 Bd4
21. Be3 Bb7 22. Rc7 Bxe3 23. Kxe3 Rfc8 24. Rxb7 Ne8 25. Rxb8 Rxb8 26. Rc6 a5
27. Nc3 f6 28. Bxb5 1-0

[Event "XXXIV Moglianoscacchi B"]
[Site "Mogliano Veneto ITA"]
[Date "2013.04.25"]
[Round "2"]
[White "Pompili, Alberto"]
[Black "Guidobene, Davide"]
[WhiteElo "1803"]
[BlackElo "1682"]
[Result "1/2-1/2"]
[PlyCount "89"]
[EventDate "2013.04.25"]

1. d4 Nf6 2. Nf3 e6 3. e3 b6 4. Bd3 Bb7 5. Nbd2 c5 6. c3 cxd4 7. exd4 d5 8. O-O
Bd6 9. Re1 O-O 10. Qe2 Qc8 11. Ne5 Ba6 12. Ndf3 Bxd3 13. Qxd3 Qa6 14. Qxa6 Nxa6
15. h3 Rac8 16. Bf4 Be7 17. Rad1 b5 18. a3 Nb8 19. Nd3 a5 20. Nd2 Na6 21. Rc1
Rc6 22. Ne5 Rb6 23. Bg5 Rd8 24. Be3 Ne8 25. Nd3 Rc8 26. Nb3 Rbc6 27. Nxa5 R6c7
28. Nb3 Nd6 29. Bf4 Rc6 30. Bxd6 Bxd6 31. Ra1 Rb8 32. Nb4 Rcb6 33. Nxa6 Rxa6
34. Nd2 Rba8 35. Rab1 Ra4 36. Nf3 Kf8 37. Re2 Rc4 38. Ne1 Rac8 39. Nd3 Ke7 40.
Rbe1 g5 41. Ne5 R4c7 42. Ng4 Rg8 43. Nh6 Rg6 44. Nf5+ Kd7 45. Nxd6 1/2-1/2

[Event "XXXIV Moglianoscacchi B"]
[Site "Mogliano Veneto ITA"]
[Date "2013.04.25"]
[Round "2"]
[White "Simonetto, Alessio"]
[Black "Rosina, Graziano"]
[WhiteElo "1662"]
[BlackElo "1784"]
[Result "0-1"]
[PlyCount "48"]
[EventDate "2013.04.25"]

1. f4 d5 2. e3 g6 3. Nf3 Bg7 4. Be2 Nh6 5. O-O O-O 6. Nc3 c5 7. d4 cxd4 8. Nxd4
Nc6 9. Nxc6 bxc6 10. Bf3 Rb8 11. Na4 Qa5 12. c3 Qc7 13. Qe2 e5 14. e4 Qa5 15.
b3 Ba6 16. c4 dxc4 17. Bd2 c3 18. Bxc3 Bxe2 19. Bxa5 Bxf1 20. Rxf1 exf4 21. Bc7
Rb5 22. Be2 g5 23. Bxb5 cxb5 24. Nc5 Bd4+ 0-1

[Event "XXXIV Moglianoscacchi B"]
[Site "Mogliano Veneto ITA"]
[Date "2013.04.25"]
[Round "2"]
[White "Stefan, Marco"]
[Black "Simonetto, Andrea"]
[WhiteElo "1840"]
[BlackElo "1637"]
[Result "1/2-1/2"]
[PlyCount "62"]
[EventDate "2013.04.25"]

1. e4 c6 2. d4 d5 3. Nc3 dxe4 4. Nxe4 Bf5 5. Ng3 Bg6 6. Bc4 e6 7. N1e2 Bd6 8.
O-O Nf6 9. f4 Qc7 10. f5 exf5 11. Nxf5 Bxf5 12. Rxf5 Bxh2+ 13. Kh1 Bd6 14. Qd3
h6 15. Be3 Nbd7 16. Raf1 Rf8 17. Bb3 O-O-O 18. c4 c5 19. Nc3 cxd4 20. Qxd4 b6
21. Nb5 Bc5 22. Nxc7 Bxd4 23. Bxd4 Kxc7 24. Ba4 Ne4 25. Kh2 f6 26. Be3 Rfe8 27.
Rd5 Re7 28. Rfd1 f5 29. Rxf5 Ndf6 30. Bf4+ Kc8 31. Rxd8+ Kxd8 1/2-1/2

[Event "XXXIV Moglianoscacchi B"]
[Site "Mogliano Veneto ITA"]
[Date "2013.04.25"]
[Round "2"]
[White "Zangrando, Gianpietro"]
[Black "Stringhetta, Elio"]
[WhiteElo "1784"]
[BlackElo "1680"]
[Result "1-0"]
[PlyCount "64"]
[EventDate "2013.04.25"]

1. Nf3 d5 2. d4 g6 3. c4 c6 4. Nc3 Nf6 5. g3 Bg7 6. Bg2 O-O 7. O-O Bf5 8. Nh4
Bg4 9. h3 Bd7 10. cxd5 cxd5 11. Kh2 Bc6 12. Nf3 Nbd7 13. Qb3 e6 14. Bf4 Nh5 15.
Bg5 Qc7 16. Rac1 Qb8 17. Nb5 a6 18. Nc3 Qd6 19. Bd2 Rfc8 20. a4 Nb8 21. e3 Nd7
22. Na2 Qb8 23. Bb4 Bf8 24. Bxf8 Rxf8 25. Nb4 Nb6 26. Qc3 a5 27. Nd3 Nd7 28.
Nde5 f6 29. Nxc6 bxc6 30. Qxc6 Rf7 31. Qxe6 Ng7 32. Qg4 Qxb2 {...} 1-0

[Event "XXXIV Moglianoscacchi B"]
[Site "Mogliano Veneto ITA"]
[Date "2013.04.26"]
[Round "3"]
[White "Balzan, Marco"]
[Black "Dai Zotti, Marco"]
[WhiteElo "1732"]
[BlackElo "1646"]
[Result "1-0"]
[PlyCount "61"]
[EventDate "2013.04.25"]

1. e4 c6 2. d4 d5 3. Nc3 dxe4 4. Nxe4 Nf6 5. Ng3 Bg4 6. Be2 Bxe2 7. N1xe2 e6 8.
O-O Be7 9. b3 O-O 10. Bb2 Nbd7 11. c4 Qc7 12. Rc1 Rad8 13. Qc2 c5 14. Kh1 cxd4
15. Nxd4 Bc5 16. f4 Qb6 17. Rcd1 Nb8 18. Nb5 a6 19. Bxf6 gxf6 20. Nc3 Rxd1 21.
Rxd1 Rd8 22. Na4 Rxd1+ 23. Qxd1 Qc7 24. Nxc5 Qxc5 25. Qd8+ Qf8 26. Qxf6 Nd7 27.
Qg5+ Kh8 28. h3 Qa3 29. Qd8+ Nf8 30. Qf6+ Kg8 31. Nh5 1-0

[Event "XXXIV Moglianoscacchi B"]
[Site "Mogliano Veneto ITA"]
[Date "2013.04.26"]
[Round "3"]
[White "Bergamasco, Tommaso"]
[Black "Girgenti, Giuseppe"]
[WhiteElo "1680"]
[BlackElo "1876"]
[Result "0-1"]
[PlyCount "102"]
[EventDate "2013.04.25"]

1. Nf3 Nf6 2. c4 c6 3. e3 e6 4. d4 d5 5. Nc3 Nbd7 6. Bd2 Be7 7. Bd3 dxc4 8.
Bxc4 b5 9. Bd3 a6 10. O-O Bb7 11. Rc1 c5 12. b3 O-O 13. Ne2 Rc8 14. Ng3 Qb6 15.
dxc5 Nxc5 16. Bb1 Rfd8 17. Qe2 Nce4 18. Nxe4 Nxe4 19. Rxc8 Rxc8 20. Qd3 Rd8 21.
Qc2 g6 22. Be1 Bf6 23. a4 b4 24. Qc4 Bd5 25. Qxb4 Qxb4 26. Bxb4 Rb8 27. Be1 Nc5
28. b4 Nxa4 29. Bd3 Bb7 30. Bd2 Bxf3 31. gxf3 Rd8 32. Bc2 Rxd2 33. Bxa4 Rb2 34.
Rc1 Rxb4 35. Rc8+ Kg7 36. Be8 Be5 37. f4 Bb8 38. Rc6 a5 39. Ra6 Bc7 40. Ra7 Rc4
41. Kf1 Kf8 42. Ra8 Ke7 43. Ke2 Rc2+ 44. Kf3 f5 45. Ba4 Rc4 46. Bb5 Rb4 47. Bc6
Kd6 48. Be8 Kc5 49. Ra6 Bb6 50. Bd7 Kd6 51. Be8 Kc7 0-1

[Event "XXXIV Moglianoscacchi B"]
[Site "Mogliano Veneto ITA"]
[Date "2013.04.26"]
[Round "3"]
[White "Bozzao, Francesco"]
[Black "Zangrando, Gianpietro"]
[WhiteElo "1857"]
[BlackElo "1784"]
[Result "1-0"]
[PlyCount "190"]
[EventDate "2013.04.25"]

1. e4 e6 2. d4 d5 3. Nd2 Nf6 4. e5 Nfd7 5. Bd3 c5 6. c3 b6 7. Ne2 Ba6 8. Nf3
Bxd3 9. Qxd3 Nc6 10. O-O Be7 11. a3 O-O 12. Re1 cxd4 13. cxd4 Na5 14. b3 Nb8
15. Bd2 Nbc6 16. Rec1 Qd7 17. g3 Rac8 18. Kg2 Nb8 19. Bg5 Rxc1 20. Nxc1 Rc8 21.
Bxe7 Qxe7 22. Ne2 h6 23. h4 Qb7 24. Rc1 Rxc1 25. Nxc1 Qe7 26. b4 Nc4 27. Nd2
Qc7 28. Nxc4 dxc4 29. Qc3 Nd7 30. f3 b5 31. Kf2 Nb6 32. Ne2 Nd5 33. Qc2 Qb6 34.
Qd2 Ne7 35. g4 Nc6 36. Qe3 a5 37. bxa5 Nxa5 38. d5 Qxe3+ 39. Kxe3 exd5 40. Kd4
Nc6+ 41. Kxd5 Na7 42. Kc5 Kf8 43. Kb6 Nc8+ 44. Kxb5 Ke7 45. Kxc4 Ke6 46. f4
Nb6+ 47. Kc5 Nd7+ 48. Kd4 f5 49. exf6 Nxf6 50. g5 hxg5 51. hxg5 Nd7 52. a4 Kd6
53. Nc3 Kc6 54. a5 Kd6 55. Kc4 Kc6 56. Nd5 Nf8 57. Ne7+ Kb7 58. Kb5 Ne6 59. Nd5
Nd4+ 60. Kc5 Nb3+ 61. Kb4 Nd4 62. Ne7 Ne6 63. Nd5 Ka6 64. g6 Nd4 65. Nc7+ Kb7
66. Ne8 Nf5 67. Kc5 Ne7 68. Nxg7 Nxg6 69. Ne6 Ka6 70. Kb4 Ne7 71. Nc5+ Ka7 72.
Kb5 Nf5 73. Kc6 Kb8 74. Kd7 Nd4 75. Na6+ Ka7 76. Nc7 Kb7 77. Ne6 Nf5 78. Nc5+
Ka7 79. Ke6 Nd4+ 80. Kf6 Nc6 81. Nb3 Kb7 82. Kg6 Kc7 83. f5 Kd7 84. Kg7 Nd8 85.
f6 Ne6+ 86. Kg8 Ng5 87. f7 Nxf7 88. Kxf7 Kc6 89. Ke7 Kb5 90. Kd6 Ka6 91. Kc6
Ka7 92. Nc5 Ka8 93. Kb6 Kb8 94. Na6+ Ka8 95. Nc7+ Kb8 1-0

[Event "XXXIV Moglianoscacchi B"]
[Site "Mogliano Veneto ITA"]
[Date "2013.04.26"]
[Round "3"]
[White "Brunelli, Flavio"]
[Black "Poletti, Fausto"]
[WhiteElo "1755"]
[BlackElo "1904"]
[Result "1/2-1/2"]
[PlyCount "51"]
[EventDate "2013.04.25"]

1. e4 c5 2. Nf3 Nc6 3. d4 cxd4 4. Nxd4 Nf6 5. Nc3 e5 6. Nf3 Bb4 7. Bd3 d5 8.
exd5 Nxd5 9. Bd2 O-O 10. Be4 Bxc3 11. bxc3 f6 12. c4 Nde7 13. Bc3 Be6 14. Qe2
Qc7 15. O-O Rfd8 16. Rfd1 Rac8 17. Rab1 Rxd1+ 18. Rxd1 Rd8 19. Rxd8+ Qxd8 20.
a3 Qd6 21. Bb2 Na5 22. Qd3 Qxd3 23. cxd3 f5 24. Bd5 Nxd5 25. cxd5 Bxd5 26. Nxe5
1/2-1/2

[Event "XXXIV Moglianoscacchi B"]
[Site "Mogliano Veneto ITA"]
[Date "2013.04.26"]
[Round "3"]
[White "Gennari, Andrea"]
[Black "Viviani, Bruno"]
[WhiteElo "1654"]
[BlackElo "1729"]
[Result "1/2-1/2"]
[PlyCount "97"]
[EventDate "2013.04.25"]

1. d4 Nf6 2. c4 g6 3. Nc3 d5 4. cxd5 Nxd5 5. e4 Nxc3 6. bxc3 Bg7 7. Bc4 O-O 8.
Ne2 c5 9. Be3 cxd4 10. cxd4 Nc6 11. O-O Na5 12. Rc1 Bd7 13. Qd2 Bc6 14. d5 Bd7
15. Nd4 a6 16. Nb3 Nxc4 17. Rxc4 Bb5 18. Rfc1 Bxc4 19. Rxc4 Rc8 20. Na5 Rxc4
21. Nxc4 Qc7 22. Nb6 Rd8 23. Qb4 Qc2 24. g3 Bf8 25. Bc5 Qxa2 26. Kg2 a5 27. Qb5
Qc2 28. Kf3 Qc3+ 29. Kg2 e6 30. Bxf8 Kxf8 31. Nd7+ Ke7 32. dxe6 fxe6 33. Ne5
Qb4 34. Qe2 Qd4 35. Nf3 Qd3 36. Qe1 Rf8 37. Ne5 Qd4 38. Qxa5 Qxf2+ 39. Kh3 Qf1+
40. Kh4 g5+ 41. Kxg5 h6+ 42. Kh4 Qc1 43. Ng6+ Kf7 44. Nxf8 Kxf8 45. Qb4+ Ke8
46. Qxb7 Qg5+ 47. Kh3 Qh5+ 48. Kg2 Qe2+ 49. Kh3 1/2-1/2

[Event "XXXIV Moglianoscacchi B"]
[Site "Mogliano Veneto ITA"]
[Date "2013.04.26"]
[Round "3"]
[White "Negro, Raffaele"]
[Black "Giancristofaro, Luca"]
[WhiteElo "1838"]
[BlackElo "1780"]
[Result "1-0"]
[PlyCount "87"]
[EventDate "2013.04.25"]

1. d4 d5 2. Bf4 Nf6 3. e3 e6 4. Nd2 Bd6 5. Bg3 O-O 6. Bd3 b6 7. Ngf3 Bb7 8. Ne5
c5 9. c3 Nc6 10. f4 cxd4 11. exd4 Ne7 12. O-O Ne4 13. Qe2 f6 14. Nef3 f5 15.
Ne5 Bxe5 16. dxe5 Qe8 17. Nf3 Qg6 18. Nd4 Nc6 19. Nxc6 Bxc6 20. Bh4 Nc5 21. Bb5
Bb7 22. Be7 Rfc8 23. Rf3 Ne4 24. Bd3 Rc7 25. Bd6 Nxd6 26. exd6 Rd7 27. Rg3 Qf6
28. Qe5 Kf7 29. Bb5 Rdd8 30. Re1 a6 31. Bd3 Rd7 32. Rge3 Re8 33. g3 g6 34. Bc2
Qd8 35. g4 fxg4 36. f5 Rxd6 37. fxg6+ hxg6 38. Rf1+ Kg8 39. Bxg6 Rf8 40. Rxf8+
Qxf8 41. Rg3 d4 42. Rxg4 Qf3 43. Bh7+ Kf7 44. Rf4+ 1-0

[Event "XXXIV Moglianoscacchi B"]
[Site "Mogliano Veneto ITA"]
[Date "2013.04.26"]
[Round "3"]
[White "Pagan, Nicolo'"]
[Black "Simonetto, Alessio"]
[WhiteElo "1774"]
[BlackElo "1662"]
[Result "1-0"]
[PlyCount "93"]
[EventDate "2013.04.25"]

1. d4 d5 2. c4 e6 3. Nc3 Nf6 4. Nf3 b6 5. Bg5 Be7 6. e3 Bb7 7. Be2 Nbd7 8. O-O
Rc8 9. Rc1 O-O 10. cxd5 Nxd5 11. Bxe7 Qxe7 12. Nd2 c5 13. dxc5 Nxc5 14. Nxd5
Bxd5 15. Bc4 Bxc4 16. Nxc4 Rfd8 17. Qe2 Nd3 18. Rc3 Nb4 19. a4 Nd5 20. Rc2 Qb4
21. Ra1 Rc5 22. Ne5 Rdc8 23. Rxc5 Qxc5 24. Nd3 Qd6 25. h3 h6 26. Qd1 Rd8 27.
Ne1 Qc7 28. Qc2 Qb7 29. Rc1 Nb4 30. Qc4 a5 31. Nf3 Qd7 32. Nd4 Qxa4 33. Qc7 Qd7
34. Qxb6 Qd5 35. Rc5 Qd6 36. Qxa5 Nd3 37. Rc6 Qd7 38. Qc3 Ne5 39. Rc7 Qe8 40.
b4 Rb8 41. b5 Kh7 42. Qc5 Nd7 43. Qc6 Nf6 44. Qxe8 Nxe8 45. Rxf7 Nd6 46. Re7
Nxb5 47. Nxe6 1-0

[Event "XXXIV Moglianoscacchi B"]
[Site "Mogliano Veneto ITA"]
[Date "2013.04.26"]
[Round "3"]
[White "Panican, Gheorghe"]
[Black "Stefan, Marco"]
[WhiteElo "1983"]
[BlackElo "1840"]
[Result "1-0"]
[PlyCount "91"]
[EventDate "2013.04.25"]

1. e4 c5 2. Nf3 d6 3. d4 cxd4 4. Nxd4 Nf6 5. Nc3 a6 6. Bg5 e6 7. f4 Be7 8. Qf3
Qc7 9. O-O-O O-O 10. g4 Nc6 11. Nb3 b5 12. Bxf6 Bxf6 13. g5 Bxc3 14. Qxc3 Bb7
15. Bg2 Rac8 16. h4 Rfd8 17. Kb1 Ne7 18. Qd2 d5 19. e5 Nf5 20. h5 Qb6 21. Rh3
Rd7 22. Be4 Rdc7 23. Bxf5 exf5 24. Nd4 g6 25. hxg6 fxg6 26. Rdh1 Re7 27. Rh6
Rcc7 28. Nxf5 Rf7 29. Nd6 Rfe7 30. Rd1 Rcd7 31. Nf5 Re8 32. Nd4 Qc7 33. Rdh1
Rf7 34. b3 Bc8 35. Kb2 Be6 36. c3 Bc8 37. R1h4 Qb7 38. Rh2 Ree7 39. R2h4 Re8
40. Qe3 Qb6 41. Qd2 Ree7 42. Nc2 Bf5 43. Ne3 Be4 44. Ng4 Qg1 45. Nf6+ Kh8 46.
Nxe4 1-0

[Event "XXXIV Moglianoscacchi B"]
[Site "Mogliano Veneto ITA"]
[Date "2013.04.26"]
[Round "3"]
[White "Penzo, Amleto"]
[Black "Carraro, Riccardo"]
[WhiteElo "1845"]
[BlackElo "1782"]
[Result "1/2-1/2"]
[PlyCount "110"]
[EventDate "2013.04.25"]

1. d4 Nf6 2. Nf3 g6 3. c4 Bg7 4. Nc3 O-O 5. e4 d6 6. Be2 e5 7. d5 a5 8. h3 Na6
9. O-O Nc5 10. Qc2 Nh5 11. Bg5 f6 12. Be3 f5 13. Bg5 Qe8 14. Nb5 Qf7 15. exf5
gxf5 16. Be3 f4 17. Bxc5 dxc5 18. Ng5 Qf5 19. Qxf5 Rxf5 20. Nxc7 Rb8 21. Nge6
Nf6 22. g4 fxg3 23. fxg3 Rxf1+ 24. Rxf1 Ne8 25. Nxe8 Bxe6 26. Nxg7 Bxh3 27. Rd1
Kxg7 28. g4 h5 29. gxh5 Kh6 30. Kh2 Bd7 31. Rg1 b5 32. Rg6+ Kh7 33. Bd3 Kh8 34.
cxb5 Bxb5 35. Bxb5 Rxb5 36. b3 a4 37. bxa4 Rb2+ 38. Rg2 Rb4 39. Rd2 Rxa4 40. d6
Ra8 41. d7 Rd8 42. Kg2 c4 43. Kf3 c3 44. Rc2 Rxd7 45. Rxc3 Ra7 46. a3 Ra5 47.
Kg4 Kh7 48. Re3 Kh6 49. Kf3 e4+ 50. Kg4 Kh7 51. Kf4 Kh6 52. Rh3 e3 53. Kf3 Rxa3
54. Ke2 Ra2+ 55. Ke1 Ra1+ 1/2-1/2